书目信息 |
| 题名: |
帝国的归宿
|
|
| 作者: | 于之伟 , 李鹏 主编 ;赵爽 著 | |
| 分册: | 明朝卷 | |
| 出版信息: | 北京 中国华侨出版社 2017.12 |
|
| 页数: | 279页 | |
| 开本: | 21cm | |
| 丛书名: | ||
| 单 册: | ||
| 中图分类: | K209 , K248.09 | |
| 科图分类: | ||
| 主题词: | 中国历史--通俗读物 , 古代史--中国--明代--通俗读物 | |
| 电子资源: | ||
| ISBN: | 978-7-5113-7245-1 | |
| 000 | 01411nam0 2200313 450 | |
| 001 | 5011 | |
| 005 | 20181015092212.71 | |
| 010 | @a978-7-5113-7245-1@dCNY36.00 | |
| 100 | @a20180819d2017 em y0chiy50 ea | |
| 101 | 0 | @achi |
| 102 | @aCN@b110000 | |
| 105 | @ay z 000yy | |
| 200 | 1 | @a帝国的归宿@9di guo de gui su@i明朝卷@f于之伟,李鹏主编@g赵爽著 |
| 210 | @a北京@c中国华侨出版社@d2017.12 | |
| 215 | @a279页@d21cm | |
| 314 | @a于之伟,男,河北永清人。辽宁社会科学院副研究员,地方党史研究所副所长、当代辽宁研究所副所长,华东师范大学历史系博士,香港中文大学短期访问学者等。在《社会科学辑刊》等核心期刊发表论文20余篇,主持并参与多项国家及省部级社科基金项目。 | |
| 314 | @a李鹏,男,北京人。北京市历史教育学会理事,历史教研员,中学高级教师。参与编写历史教育学书籍多部。 | |
| 314 | @a赵爽,北京市中学历史高级教师。在报刊杂志上发表过一定数量的专业文章。参与编写有《二战名将传记系列——邓尼茨》、《小学图书馆百科文库》等作品。 | |
| 330 | @a本书是一本关于明朝历史的通俗读物。共分为万象新——大明定鼎隐患生;天过午——盛世知名蕴危机;大夏倾——大罗金仙难救世等。 | |
| 517 | 1 | @a明朝卷@9ming chao juan |
| 606 | 0 | @a中国历史@j通俗读物 |
| 606 | 0 | @a古代史@y中国@z明代@j通俗读物 |
| 690 | @aK209@v5 | |
| 690 | @aK248.09@v5 | |
| 701 | 0 | @a于之伟@9yu zhi wei@4主编 |
| 701 | 0 | @a李鹏@9li peng@4主编 |
| 702 | 0 | @a赵爽@9zhao shuang@4著 |
| 801 | 0 | @aCN@b91MARC@c20180819 |
| 905 | @aMuseLib@dK209@e126:8 | |
| 帝国的归宿.明朝卷/于之伟,李鹏主编/赵爽著.-北京:中国华侨出版社,2017.12 |
| 279页;21cm |
| ISBN 978-7-5113-7245-1:CNY36.00 |
| 本书是一本关于明朝历史的通俗读物。共分为万象新——大明定鼎隐患生;天过午——盛世知名蕴危机;大夏倾——大罗金仙难救世等。 |
| ● |
| 相关链接 |
|
|
|
|
正题名:帝国的归宿
索取号:K209/126:8
 
预约/预借
| 序号 | 登录号 | 条形码 | 馆藏地/架位号 | 状态 | 备注 |
| 1 | 1127709 | 211277090 | 第二样本阅览室/ [索取号:K209/126:8] | 在馆 | |
| 2 | 1127710 | 211277107 | 第二借阅区/ [索取号:K209/126:8] | 在馆 | |
| 3 | 1127711 | 211277116 | 第二借阅区/ [索取号:K209/126:8] | 在馆 | |
| 4 | 1127712 | 211277125 | 第二借阅区/ [索取号:K209/126:8] | 在馆 | |
| 5 | 1127713 | 211277134 | 第二借阅区/ [索取号:K209/126:8] | 在馆 |